Taylor Swift - Devine la chanson sans indices #81 - Statistiques

Statistiques générales
  • Ce quiz a été pris 210 fois
  • Le résultat moyen est 197 sur 306
Statistiques - réponses
Réponse % Correct
I
99%
(I
99%
you
97%
You
97%
a
96%
Oh,
94%
oh,
94%
(oh,
94%
the
92%
The
92%
it
87%
me
87%
me)
87%
love
85%
your
85%
in
84%
My
84%
my
84%
to
84%
do
83%
is
83%
Is
83%
on
81%
And
79%
and
79%
go
79%
I'm
79%
be
78%
that
78%
That
78%
don't
77%
No
76%
(no
76%
this
76%
of
74%
what
74%
they
70%
too
70%
say
68%
But
64%
just
64%
All
63%
(all
63%
(yeah,
63%
yeah)
63%
at
62%
Get
60%
(get
60%
off
60%
if
59%
want
59%
see
58%
see)
58%
up
58%
with
58%
haze
57%
haze,
57%
I've
57%
lavender
57%
one
57%
been
55%
ever
55%
feel
55%
feel)
55%
from
55%
wanna
55%
stay
53%
much
52%
Meet
50%
chest
48%
damn
48%
midnight
48%
night
48%
people
48%
only
47%
(only
47%
desk
45%
desk)
45%
give
45%
need
45%
or
45%
shit
45%
creepin'
44%
girl
44%
gonna
44%
even
42%
into
42%
read
41%
keep
40%
kind
39%
new
38%
really
37%
Talk
37%
talk
37%
spiral
36%
wife
36%
askin'
35%
bride
35%
melancholia
33%
Starin'
33%
viral
33%
deal,
32%
deal
32%
deal),
32%
history
32%
listening
31%
Surreal,
31%
They're
31%
ceilin'
30%
damned
30%
find
29%
under
29%
1950s
26%
beautifully
26%
bringin'
26%
handle
25%
scrutiny
23%
dizzying
22%
aren't
16%
Aucun quiz correspondant
Distribution des résultats
% des personnes avec chaque résultat
Percentile par nombre de réponses
Votre historique - résultats
Vous n’avez pas pris ce quiz